Biblioteca

Lectura eficaz de la Biblia (Registro nro. 43671)

Detalles MARC
000 -LÍDER
Campo fijo de descripción fija 01687aam a2200349 i 4500
001 - NÚMERO DE CONTROL
Campo de control 768714001
003 - IDENTIFICADOR DEL NÚMERO DE CONTROL
Campo de control CO-MdFUSB
005 - FECHA Y HORA DE LA ULTIMA TRANSACCIÓN
control field 20250613092935.0
007 - CAMPO FIJO DE DESCRIPCIÓN FIJA--INFORMACIÓN GENERAL
Campo fijo de descripción fija ta
008 - ELEMENTOS DE LONGITUD FIJA -- INFORMACIÓN GENERAL
Campo fijo de descripción fija -- Información general 250613t2007 -us |||| |||| 00| 0 spa d
020 ## - NÚMERO INTERNACIONAL NORMALIZADO PARA LIBROS
Número Internacional Normalizado del libro 9780829748659
040 ## - FUENTE DE CATALOGACIÓN
Agencia que realiza la transcripción CO-MdFUSB
041 0# - CÓDIGO DE IDIOMA
Código de idioma para texto/pista de sonido o título separado spa
082 04 - NÚMERO DE CLASIFICACIÓN DECIMAL DEWEY
Número de la edición del Dewey 23
Número de clasificación 220.61
Clave de autor-Numero de item F2951f
100 1# - ASIENTO PRINCIPAL--NOMBRE PERSONAL
Nombre personal Fee, Gordon D.
Término relacionador autor
245 10 - TÍTULO
Título del Material Lectura eficaz de la Biblia
Mención de responsabilidad, etc. / Gordon D. Fee ; Douglas Stuart ; traducido por Omar Díaz de Arce
250 ## - MENCIÓN DE EDICIÓN
Mención de edición tercera edición
264 #1 - PRODUCCIÓN, PUBLICACIÓN, DISTRIBUCIÓN, MANUFACTURA, Y COPYRIGHT
Nombre del productor, publicador, distribuidor Vida,
Lugar de producción, publicación, distribución, manufactura Florida, Estados Unidos :
Fecha de producción, publicación, distribución, manufactura, o copyright [2007]
264 #4 - PRODUCCIÓN, PUBLICACIÓN, DISTRIBUCIÓN, MANUFACTURA, Y COPYRIGHT
Fecha de producción, publicación, distribución, manufactura, o copyright ©2007
300 ## - DESCRIPCIÓN FÍSICA
Extensión 287 páginas
336 ## - TIPO DE CONTENIDO
Término de tipo de contenido texto
Código de tipo de contenido txt
Fuente rdacontent
337 ## - TIPO DE MEDIO
Fuente rdamedia
Nombre del tipo de medio sin mediación
Código del tipo de medio n
338 ## - TIPO DE SOPORTE
Fuente rdacarrier
Nombre del tipo de soporte volumen
Código Tipo de soporte nc
505 ## - NOTA DE CONTENIDO
Nota de contenido con formato preestablecido Introducción: La necesidad de interpretar. -- La herramienta básica: una buna traducción. -- Las epístolas: aprender a pensar de acuerdo al contexto. -- Las epístolas: las preguntas hermenéuticas. -- Los relatos del Antiguo Testamento: su uso apropiado. -- Hechos: las cuestiones del presente histórico. -- Los Evangelios: una historia, muchas dimensiones. -- Las parábolas: ¿comprende lo que digo? -- La(s) Ley (es): Estipulaciones del pacto para Israel. -- Los profetas: Intento de hacer cumplir el Pacto en Israel. -- Los Salmos: Las oraciones de Israel y las nuestras. -- La sabiduría: Entonces y ahora. -- El Apocalipsis: imágenes de juicio y esperanza.
563 ## - NOTA DE ENCUADERNACIÓN
Nota de encuadernación Rústico
630 07 - TITULO UNIFORME
Título uniforme Biblia
Subdivisión de materia general Crítica, interpretación, etc.
650 #7 - ASIENTO SECUNDARIO DE MATERIA - TERMINO TEMÁTICO
Término temático o nombre geográfico como elemento de entrada Hermenéutica bíblica
Fuente del encabezamiento o término embne
9 (RLIN) 7333
700 ## - ASIENTO SECUNDARIO - NOMBRE PERSONAL
Nombre personal Douglas, Stuart,
9 (RLIN) 10797
Responsabilidad autor
700 ## - ASIENTO SECUNDARIO - NOMBRE PERSONAL
Nombre personal Díaz de Arce, Omar,
9 (RLIN) 5945
Responsabilidad traductor
942 ## - TIPO DE MATERIAL (KOHA)
Tipo de Item KOHA Libros General
945 ## - INFORMACIÓN LOCAL DEL REGISTRO
Catalogador JTF-925
Existencias
Estado de Material Estado de Perdido Forma de Clasificación Estado de Dañado No para Préstamo Colección Tomo Biblioteca de Origen Biblioteca Permanente Fecha de Adquisición Área Total de Préstamos Total de Renovaciones Signatura Topográfica Código de Barras Última vez visto Última vez Préstado Ejemplar/Existencia Fecha de Remplazo Tipo de Material
    Dewey Decimal Classification     Colección General   Biblioteca FUSBC Biblioteca FUSBC 08/03/2008 BIBLIA 40 22 G 220.61 F295l 16890 31/03/2025 27/03/2025 Ej. 1 26/01/2016 Libros General

Biblioteca FUSBC | Teléfono: (57+4) 349 88 10 Ext. 141| WhatsApp (+57) 3005338115 
E-mail: biblioteca@unisbc.edu.co | Calle 76 87-14 Robledo Palenque, Medellín, Colombia

Con tecnología Koha